Southville International School and Colleges
Your cart is empty.
  • Cart
  • Lists
    Public lists Eva Luna New books Lux_list list_1
    Your lists Log in to create your own lists
  • Log in to your account
  • Your cookies
  • Search history
Southville International School and Colleges
  • Advanced search
  • Recent comments
  • Most popular
  • Libraries

Log in to your account

Log in with GOOGLE


If you do not have an external account, but do have a local account, you can still log in:

  1. Home
  2. MARC view: Mga dula sa magkakaibang midyum /
Normal view MARC view ISBD view

Mga dula sa magkakaibang midyum / (Record no. 18214)

[ view plain ]
MARC details
000 -LEADER
fixed length control field 00515nam a22001937a 4500
003 - CONTROL NUMBER IDENTIFIER
control field OSt
005 - DATE AND TIME OF LATEST TRANSACTION
control field 20140310183009.0
008 - FIXED-LENGTH DATA ELEMENTS--GENERAL INFORMATION
fixed length control field 130211t xxu||||| |||| 00| 0 eng d
020 ## - INTERNATIONAL STANDARD BOOK NUMBER
International Standard Book Number 9715061869
050 ## - LIBRARY OF CONGRESS CALL NUMBER
Classification number PL 6063.R62
Item number .R524d 2002
100 ## - MAIN ENTRY--PERSONAL NAME
Personal name Rivera, Frank G.
245 ## - TITLE STATEMENT
Title Mga dula sa magkakaibang midyum /
Statement of responsibility, etc Frank G. Rivera.
260 ## - PUBLICATION, DISTRIBUTION, ETC. (IMPRINT)
Place of publication, distribution, etc Manila :
Name of publisher, distributor, etc UST Publishing House,
Date of publication, distribution, etc 2002.
300 ## - PHYSICAL DESCRIPTION
Extent 367 p. :
Dimensions 23 cm.
521 ## - TARGET AUDIENCE NOTE
Target audience note
650 ## - SUBJECT ADDED ENTRY--TOPICAL TERM
Topical term or geographic name as entry element Play
General subdivision Philippines
942 ## - ADDED ENTRY ELEMENTS (KOHA)
Source of classification or shelving scheme Library of Congress Classification
Koha item type Books
Call number prefix Local
Holdings
Withdrawn status Lost status Source of classification or shelving scheme Damaged status Home library Current library Shelving location Date acquired Cost, normal purchase price Total Checkouts Full call number Barcode Date last seen Copy number Price effective from Koha item type
    Library of Congress Classification   College Library College Library General Circulation Section 04/06/2010 385.00   PL 6063.R62 .R524d 2002 C6215 05/15/2018 1 10/10/2013 Books

Mga dula sa magkakaibang midyum /

APA

Rivera F. G., . (2002). Mga dula sa magkakaibang midyum. Manila: UST Publishing House.

Chicago

Rivera Frank G, . 2002. Mga dula sa magkakaibang midyum. Manila: UST Publishing House.

Harvard

Rivera F. G., . (2002). Mga dula sa magkakaibang midyum. Manila: UST Publishing House.

MLA

Rivera Frank G, . Mga dula sa magkakaibang midyum. Manila: UST Publishing House. 2002.

  • Place hold
  • Print
  • Cite
  • Add to your cart (remove)
  • Save record
    BIBTEX Dublin Core MARCXML MARC (non-Unicode/MARC-8) MARC (Unicode/UTF-8) MARC (Unicode/UTF-8, Standard) MODS (XML) RIS
  • More searches
    Search for this title in:
    Other Libraries (WorldCat) Other Databases (Google Scholar) Online Stores (Bookfinder.com) Open Library (openlibrary.org)

Exporting to Dublin Core...

SOUTHVILLE LIBRARY

Southville International School and Colleges Library

1281 Tropical Ave. Cor. Luxembourg St., BF Homes International, Las Pinas City

Tel. No. 8256374 / 252358 Loc. 117/146

Powered by Koha